Primary Productivity of Phytoplankton/ (Record no. 188714)

MARC details
000 -LEADER
fixed length control field 00580nam a22001817a 4500
005 - DATE AND TIME OF LATEST TRANSACTION
control field 20220602105749.0
010 ## - LCCN (DPL NO)
LC control number ENG-132935
020 ## - INTERNATIONAL STANDARD BOOK NUMBER
International Standard Book Number 9788195255269
Terms of availability 450.00
035 ## - SYSTEM CONTROL NUMBER
System control number EN-116467
037 ## - SOURCE OF ACQUISITION
Source of stock number/acquisition DBAD/PUB
082 ## - DEWEY DECIMAL CLASSIFICATION NUMBER
Classification number 304.6
100 ## - MAIN ENTRY--PERSONAL NAME
Personal name Singh, Renu
245 ## - TITLE STATEMENT
Title Primary Productivity of Phytoplankton/
Statement of responsibility, etc Renu Singh
260 ## - PUBLICATION, DISTRIBUTION, ETC. (IMPRINT)
Place of publication, distribution, etc New Delhi
Name of publisher, distributor, etc Ayushman Publication House
Date of publication, distribution, etc 2021
270 ## - ADDRESS
Address 352/D2 Ajit Bhawan Munirka Near J.N.U. Main Gate
City New Delhi
Postal code 110067
Electronic mail address ayushmanpuhouse@gmail.com
300 ## - PHYSICAL DESCRIPTION
Extent 128p.
Dimensions 23cm(hbk)
942 ## - ADDED ENTRY ELEMENTS (KOHA)
Source of classification or shelving scheme Dewey Decimal Classification
Item type English Books
Classification part 304.6
Call number suffix REN
Holdings
Withdrawn status Lost status Not for loan Collection code Home library Current library Date acquired Source of acquisition Cost, normal purchase price Full call number Barcode Copy number Cost, replacement price Koha item type
      Non-fiction Patel Nagar Patel Nagar 02/06/2022 DBAD/PUB 450.00 304.6 REN EN-116467 1 450.00 English Books

© Delhi Public Library
Hit Counter
free hit counter